| 000 | 01113cam a2200349 i 4500 | ||
|---|---|---|---|
| 001 | 17877311 | ||
| 003 | OSt | ||
| 005 | 20230608134047.0 | ||
| 008 | 130906s2013 ug b 000 0 eng | ||
| 010 | _a 2013441120 | ||
| 020 | _a9966031358 | ||
| 040 |
_aDLC _beng _cDLC _erda _dDLC |
||
| 042 |
_alcode _apcc |
||
| 043 | _afe----- | ||
| 050 | 0 | 0 |
_aKQC86 _b.K59 2013 |
| 082 |
_a340.11 _bKIW |
||
| 100 | 1 | _aKiwanda, Yusuf. | |
| 245 | 1 | 4 |
_aThe exodus of law and legal methods / _cYusuf Kiwanda. |
| 264 | 1 |
_aKampala, Uganda : _bLawAfrica Publishing (U) Ltd., _c2013. |
|
| 300 |
_axxxiv, 277 pages ; _c21 cm |
||
| 336 |
_atext _2rdacontent |
||
| 337 |
_aunmediated _2rdamedia |
||
| 338 |
_avolume _2rdacarrier |
||
| 504 | _aIncludes bibliographical references (pages 275-277). | ||
| 650 | 0 |
_aLaw _zAfrica, East _xHistory. |
|
| 650 | 0 |
_aLaw _xPhilosophy. |
|
| 650 | 0 |
_aLaw _xLanguage. |
|
| 856 | 4 | 1 |
_3Table of contents only _uhttp://www.loc.gov/catdir/toc/fy14pdf02/2013441120.html |
| 906 |
_a7 _bcbc _corigode _d2 _encip _f20 _gy-gencatlg |
||
| 942 |
_2ddc _cBK |
||
| 999 |
_c869 _d869 |
||